000 01339nam2a2200229 4500
001 RU\NLR\BIBL_A\022711049
005 20260201142547.0
035 _a(NLR Aleph) 022711049
090 _a13541365
_c13541365
100 _a20260129d2025 u y0rusy50 ca
101 0 _arus
102 _aRU
200 1 _aЭкстрапирамидные расстройства (к Международному дню двигательных нарушений и 200-летию со дня рождения Ж. М. Шарко)
210 _d2025
461 0 _1001RU\NLR\INFOCOMM10\1000194623
_12001#$aЖурнал неврологии и психиатрии имени С.С. Корсакова$eНауч.-практ. журн.$fНауч. о-во неврологов. Науч. о-во психиатров$vТ. 125, № 11, вып. 2
_93035583
_cМ.
_d1901 -
_fНауч. о-во неврологов. Науч. о-во психиатров
_nМедицина
_oНауч.-практ. журн.
_tЖурнал неврологии и психиатрии имени С.С. Корсакова
_vТ. 125, № 11, вып. 2
606 1 _aЭкстрапирамидные расстройства
_jСборники
_92266566
_3RU\NLR\AUTH\661358687
686 1 _aР627я43
852 _aNLR
_jП16/7
942 _cISSUE
980 _aRUSPER
980 _aNB